[Event "Madras zt"]
[Site "Madras"]
[Date "1995.??.??"]
[Round "4"]
[White "Barua, Dibyendu"]
[Black "Hakki, Imad"]
[Result "1-0"]
[WhiteElo "2515"]
[BlackElo "2360"]

1.e4 c5 2.Nf3 d6 3.Bb5+ Nc6 4.O-O Bd7 5.Re1 Nf6 6.c3 a6 7.Bf1 Bg4 8.d3 g6
9.h3 Bxf3 10.Qxf3 Bg7 11.a4 Rb8 12.Na3 O-O 13.Qd1 e5 14.Nc2 d5 15.exd5 Nxd5
16.Qf3 b6 17.Ne3 Nxe3 18.Bxe3 Qd6 19.Qg3 Ne7 20.d4 Nf5 21.dxe5 Bxe5 22.Qf3 Nxe3
23.Rxe3 b5 24.axb5 axb5 25.Ra7 c4 26.g3 Bf6 27.Re1 Rfd8 28.Bg2 Kg7 29.h4 Rd7
30.Rxd7 Qxd7 31.h5 Qd6 32.Rd1 Qe7 33.h6+ Kf8 34.Qc6 Qe5 35.f4 Qe3+ 36.Kh2 Be7
37.Rd5 Qb6 38.Qxb6 Rxb6 39.Rd7 Rb8 40.Kh3 Bf6 41.Bd5 Be7 42.Ra7 Rd8 43.Bc6 b4
44.Bb5 bxc3 45.bxc3 g5 46.f5 Rd6 47.Ra8+ Rd8 48.Ra6 Rd6 49.f6  1-0

[Event "Madras zt"]
[Site "Madras"]
[Date "1995.??.??"]
[Round "11"]
[White "Amarawickrama, Himan Uddama"]
[Black "Hakki, Imad"]
[Result "1-0"]
[WhiteElo "2000"]
[BlackElo "2360"]

1.e4 c5 2.Nf3 d6 3.Bb5+ Bd7 4.Bxd7+ Qxd7 5.c4 Nc6 6.O-O g6 7.Nc3 Bg7 8.Kh1 e6
9.d3 Nge7 10.Be3 Nd4 11.Ng5 h6 12.Nh3 O-O 13.f4 f5 14.Rb1 d5 15.e5 dxc4 16.dxc4 Rfd8
17.Qa4 Nec6 18.a3 a6 19.Bxd4 cxd4 20.Rbd1 Bf8 21.Nf2 dxc3 22.Rxd7 Rxd7 23.g4 Bc5
24.gxf5 exf5 25.Qb3 cxb2 26.Qxb2 Rad8 27.Rg1 Kh7 28.h4 b6 29.e6 Rd4 30.h5 g5
31.Nd3 Rxd3 32.Qf6 Rh3+ 33.Kg2 Rg8 34.Qxf5+ Kh8 35.Qf6+ Rg7 36.Kxh3 Bxg1
37.fxg5 Kh7 38.gxh6 Bd4 39.Qf3 Rc7 40.Qe4+ Kh8 41.e7 Rxe7 42.Qxc6 Bc5 43.Qc8+ Kh7
44.Qf5+ Kg8 45.a4 a5 46.Kg4 Rc7 47.Qg6+ Kh8 48.Qe8+ Kh7 49.Qe4+ Kg8 50.Kg5 Bf8
51.Qe6+ Kh7 52.Qg6+ Kh8 53.Qxb6  1-0

[Event "Maidenhead op"]
[Site "Maidenhead"]
[Date "1995.??.??"]
[Round "?"]
[White "Ansell, Simon"]
[Black "Cooksey, Paul S"]
[Result "1/2-1/2"]
[WhiteElo "2320"]
[BlackElo "2120"]

1.e4 c5 2.Nf3 d6 3.Bb5+ Nd7 4.O-O Nf6 5.Nc3 a6 6.Bxd7+ Bxd7 7.d4 cxd4 8.Qxd4 Bc6
9.Bg5 e6 10.Rad1 h6 11.Bh4 Be7 12.Bg3 O-O 13.Qe3 Qc7 14.e5 dxe5 15.Nxe5 Qa5
16.Rfe1 Bb4 17.Nc4 Qg5 18.Qd3 Bxc3 19.Qxc3 Ne4 20.Qe5 Nxg3 21.Qxg5 hxg5 22.hxg3 b5
23.Rd6 bxc4 24.Rxc6 Rfc8 25.Rxc8+ Rxc8 26.Rd1 Rc5 27.Rd8+ Kh7 28.Rd4 e5 29.Re4 f5
30.Re3 f4 31.gxf4 gxf4 32.Rc3 Ra5 33.Rxc4 Rxa2 34.b3 Ra1+ 35.Kh2 Rc1 36.Kh3 Rf1
37.f3 Rf2 38.Rc6 g6 39.c3 Rc2 40.b4 Kh6 41.c4 Kg5 42.c5 Rc4 43.Rb6 a5 44.bxa5 Rxc5
45.Ra6 Rc1 46.Kh2 Ra1 47.Ra8 Ra4 48.a6 e4 49.fxe4 Rxe4 50.Rb8 Ra4 51.Rb6 Ra2
52.Kg1  1/2-1/2

[Event "CRO-chT"]
[Site "Makarska Tucepi"]
[Date "1995.??.??"]
[Round "?"]
[White "Marinkovic, Stjepko"]
[Black "Sindik, Ervin"]
[Result "1-0"]
[WhiteElo "2235"]
[BlackElo "2340"]

1.e4 c5 2.Nf3 d6 3.Bb5+ Bd7 4.a4 Nc6 5.O-O a6 6.Bc4 Nf6 7.Re1 Bg4 8.c3 e6
9.d4 cxd4 10.cxd4 Bxf3 11.gxf3 d5 12.exd5 Nxd5 13.Nc3 Be7 14.Nxd5 exd5 15.Ba2 O-O
16.Be3 Bd6 17.f4 Nb4 18.Bb1 Re8 19.Qg4 Qf6 20.Rc1 Nc6 21.Qg5 Be7 22.Rd1 Qd6
23.Qh5 g6 24.Qg4 Bf6 25.f5 Bg7 26.h4 h5 27.Qg2 Ne7 28.Kh1 Rac8 29.Rg1 Qf6
30.Qh3 Rc6 31.fxg6 fxg6 32.Bd3 Nf5 33.Bxf5 gxf5 34.Rg5 f4 35.Rag1 Re7 36.Rf5 Qe6
37.Bxf4 Rf7 38.Rgg5 Rc2 39.Be3 Rxb2 40.Rxg7+  1-0

[Event "Mar del Plata op"]
[Site "Mar del Plata"]
[Date "1995.??.??"]
[Round "2"]
[White "Spangenberg, Hugo"]
[Black "Letelier, Rene"]
[Result "1-0"]
[WhiteElo "2500"]
[BlackElo "2235"]

1.e4 c5 2.Nf3 d6 3.Bb5+ Bd7 4.Bxd7+ Qxd7 5.O-O Nc6 6.c3 e6 7.d4 d5 8.exd5 Qxd5
9.Be3 Rd8 10.Qa4 cxd4 11.Nxd4 Ne7 12.Nb5 Qd7 13.Nxa7 Nd5 14.Rd1 Nxa7 15.Qxd7+ Rxd7
16.Bxa7 b6 17.Bb8 Rb7 18.Bg3 h5 19.c4 Nb4 20.Nc3 h4 21.Bf4 Be7 22.Rd2 O-O
23.Rad1 Ra8 24.a3 Nc6 25.Bd6 Bg5 26.f4 Bf6 27.Ne4 Na5 28.Rc2 Rc8 29.Nxf6+ gxf6
30.Rd4 Rd7 31.Be5 Rxd4 32.Bxd4 Rxc4 33.Rxc4 Nxc4 34.Bxf6 b5 35.Kf2 Kh7 36.b3 Nxa3
37.Ke2 Kg6 38.Bxh4 Kf5 39.Kd3 Kxf4 40.Be7  1-0

[Event "Marostica op"]
[Site "Marostica"]
[Date "1995.??.??"]
[Round "1"]
[White "Coppini, Giorgio"]
[Black "Mrdja, Milan"]
[Result "0-1"]
[WhiteElo "2160"]
[BlackElo "2450"]

1.e4 c5 2.Nf3 d6 3.Bb5+ Nc6 4.O-O Bd7 5.Re1 a6 6.Bf1 Bg4 7.h3 Bh5 8.d3 e6
9.c3 Nf6 10.Be2 Be7 11.Nbd2 O-O 12.Nf1 d5 13.Ng3 Bg6 14.Nh4 Qc7 15.Nxg6 hxg6
16.Bg5 d4 17.c4 Bd6 18.Nf1 Nh7 19.Bd2 g5 20.Qc1 f6 21.g3 g6 22.Kg2 Kg7 23.h4 gxh4
24.Bh6+ Kg8 25.Bxf8 Rxf8 26.Qh6 hxg3 27.Qxg6+ Kh8 28.f3 Ne5 29.Qh6 Rg8 30.Nd2 Ng6
31.Rh1 Nf4+ 32.Kf1 g2+ 33.Kf2 gxh1=Q  0-1

[Event "Marostica op"]
[Site "Marostica"]
[Date "1995.??.??"]
[Round "3"]
[White "Sedina, Elena"]
[Black "Mantovani, Renzo"]
[Result "1/2-1/2"]
[WhiteElo "2350"]
[BlackElo "2330"]

1.e4 c5 2.Nf3 d6 3.Bb5+ Bd7 4.Bxd7+ Nxd7 5.c4 Ngf6 6.Nc3 Ne5 7.O-O e6 8.Ne1 Be7
9.f4 Nc6 10.d3 O-O 11.Nf3 d5 12.e5 Ne8 13.cxd5 exd5 14.f5 Nc7 15.f6 gxf6
16.Bh6 fxe5 17.Qe1 Qd6 18.Bxf8 Rxf8 19.Nh4 Bxh4 20.Qxh4 f5 21.Rae1 Kh8  1/2-1/2

[Event "Marostica op"]
[Site "Marostica"]
[Date "1995.??.??"]
[Round "5"]
[White "Bancod, Ronald"]
[Black "Mrdja, Milan"]
[Result "1-0"]
[WhiteElo "2385"]
[BlackElo "2450"]

1.e4 c5 2.Nf3 d6 3.Bb5+ Nd7 4.O-O Nf6 5.Re1 a6 6.Bf1 e6 7.c3 Be7 8.d4 cxd4
9.cxd4 b5 10.a4 bxa4 11.Qxa4 O-O 12.Nc3 Bb7 13.Bg5 h6 14.Bh4 Re8 15.Qa5 Qb8
16.Nd2 Bd8 17.Qa3 Be7 18.Qb3 Qa7 19.Nc4 Rab8 20.Qd1 Bc8 21.Bg3 e5 22.d5 Nc5
23.Kh1 Bd7 24.f4 Bg4 25.Qc2 Nb3 26.fxe5 Nxa1 27.Rxa1 Nh5 28.Bf2 Qc7 29.Rxa6 dxe5
30.d6 Qc8 31.dxe7 Rxe7 32.b4  1-0

[Event "Marostica op"]
[Site "Marostica"]
[Date "1995.??.??"]
[Round "6"]
[White "Elstner, Herbert"]
[Black "Aranovitch, Emiliano"]
[Result "0-1"]
[WhiteElo "2215"]
[BlackElo "1965"]

1.e4 c5 2.Nf3 d6 3.Bb5+ Bd7 4.Bxd7+ Nxd7 5.O-O Ngf6 6.Re1 g6 7.c3 Bg7 8.d4 O-O
9.e5 Ne8 10.e6 fxe6 11.Ng5 Nc7 12.dxc5 Nxc5 13.b4 Nd7 14.Qb3 Ne5 15.Re3 d5
16.f4 Rxf4 17.Nxh7 Rf5 18.Rh3 Qd6 19.Na3 Ng4 20.Nc2 Qb6+ 21.Ne3 Re5 22.c4 dxc4
23.Qxc4 Nxe3  0-1

[Event "Capablanca mem-B"]
[Site "Matanzas"]
[Date "1995.??.??"]
[Round "6"]
[White "Galego, Luis"]
[Black "Armas, Jorge"]
[Result "1/2-1/2"]
[WhiteElo "2435"]
[BlackElo "2465"]

1.e4 c5 2.Nf3 d6 3.Bb5+ Bd7 4.Bxd7+ Qxd7 5.b3 Nf6 6.Qe2 g6 7.Bb2 Bg7 8.d4 cxd4
9.Nxd4 O-O 10.O-O Nc6 11.c4 Qg4 12.f3 Qh5 13.Nxc6 bxc6 14.Nc3 Nd7 15.Rad1 Nc5
16.Qe3 a5 17.Ba3 Ne6 18.f4 c5 19.Kh1 Nd4 20.Bb2  1/2-1/2

[Event "Capablanca mem-B"]
[Site "Matanzas"]
[Date "1995.??.??"]
[Round "8"]
[White "Garcia, Osmel"]
[Black "Armas, Jorge"]
[Result "1/2-1/2"]
[WhiteElo "2345"]
[BlackElo "2465"]

1.e4 c5 2.Nf3 d6 3.Bb5+ Bd7 4.Bxd7+ Qxd7 5.O-O Nc6 6.c3 Nf6 7.Re1 e6 8.d3 Be7
9.a3 O-O 10.b4 Ne5 11.d4 Nxf3+ 12.Qxf3 cxd4 13.cxd4 d5 14.e5 Ne4 15.Qd3 f6
16.f3 Ng5 17.Bf4 fxe5 18.Bxe5 Nf7 19.Nd2 Nxe5 20.Rxe5 Bd6 21.Re2 Rac8 22.Rae1 Rf6
23.Nf1 Bc7 24.Nd2 Bd6 25.Nf1 Bc7 26.Nd2 Rcf8 27.g3 g5 28.Kg2 Qf7 29.Rh1 Rg6
30.Nb3 Rf6 31.Re3 b6 32.Qe2 Rh6 33.Nc1 Qf5 34.h3 Bd6 35.Nd3 Rc8 36.g4 Qf6
37.Re1 Rc3 38.Rxe6 Qxe6 39.Qxe6+ Rxe6 40.Rxe6 Bf8 41.Ne5 Rxa3 42.Re8 Kg7
43.Rd8 Bxb4 44.Rxd5 Ra2+ 45.Kf1 Bc3 46.Nc6 Kf6 47.Rd6+ Kf7 48.d5 a5 49.Rd7+ Kf8
50.Rd8+ Kf7 51.Rd7+ Kf8  1/2-1/2

[Event "Fide Mercenarios 4th"]
[Site "MEX"]
[Date "1995.??.??"]
[Round "5"]
[White "Zarate Manjarrez, Alfredo"]
[Black "Martin del Campo, Jorge"]
[Result "0-1"]
[WhiteElo "2205"]
[BlackElo "2215"]

1.e4 c5 2.Nf3 d6 3.Bb5+ Bd7 4.Bxd7+ Qxd7 5.O-O Nc6 6.d4 cxd4 7.Nxd4 Nf6 8.Re1 g6
9.Bg5 Bg7 10.c3 h6 11.Bh4 O-O 12.Nd2 Rfe8 13.Nxc6 bxc6 14.Nc4 Rab8 15.Bxf6 exf6
16.Nxd6 Re6 17.Nc4 Qe7 18.Qa4 f5 19.e5 Bxe5 20.Rxe5 Rxe5 21.Nxe5 Qxe5 22.Qxa7 Rxb2
23.g3 Qxc3 24.Rd1 f4 25.Rd8+ Kg7 26.Qe7 Qc1+ 27.Kg2 f3+ 28.Kxf3 Qh1+ 29.Kg4 h5+
30.Kh3 Qf1+ 31.Kh4 Qc4+ 32.Kh3 Rxf2 33.Qf8+ Kf6 34.Qh8+ Kf5 35.Rd4 Qe6 36.Rf4+ Kg5+  0-1

[Event "Fide Mercenarios 6th"]
[Site "MEX"]
[Date "1995.??.??"]
[Round "7"]
[White "Araiza Munoz, Victor Fernando"]
[Black "Bernal, Carlos"]
[Result "0-1"]
[WhiteElo "2015"]
[BlackElo "2000"]

1.e4 c5 2.Nf3 d6 3.Bb5+ Bd7 4.Bxd7+ Qxd7 5.O-O Nc6 6.c3 Nf6 7.Re1 g6 8.d4 cxd4
9.cxd4 Bg7 10.Nc3 O-O 11.h3 Rfd8 12.Be3 d5 13.e5 Ne4 14.Bf4 Nxc3 15.bxc3 Qf5
16.Qc1 Rac8 17.g4 Qd3 18.Re3 Qc4 19.Qe1 e6 20.Bg5 Rd7 21.Bf6 Bf8 22.Nd2 Qa4
23.Rg3 b5 24.Qe3 Na5 25.h4 Rdc7 26.Rc1 Qxa2 27.h5 b4 28.hxg6 fxg6 29.Nf3 Rxc3
30.Rxc3 bxc3 31.Ne1 Qd2 32.Bg5 Qxe3 33.Bxe3 c2 34.Bc1 Bb4 35.Kf1 Rc4 36.Ke2 Bxe1
37.Kxe1 Rxd4  0-1

[Event "Minsk"]
[Site "Minsk"]
[Date "1995.??.??"]
[Round "12"]
[White "Yandemirov, Valeri"]
[Black "Tunik, Gennady"]
[Result "0-1"]
[WhiteElo "2525"]
[BlackElo "2530"]

1.e4 c5 2.Nf3 d6 3.Bb5+ Bd7 4.Bxd7+ Qxd7 5.b3 Nf6 6.d3 g6 7.O-O Bg7 8.Bb2 Nc6
9.Qe2 O-O 10.Nbd2 e5 11.Nc4 Nh5 12.Ne3 Ne7 13.Rab1 Nf4 14.Qd1 f5 15.g3 Nh3+
16.Kg2 f4 17.Nd5 Nxd5 18.exd5 Rf7 19.Ng1 Nxg1 20.Rxg1 Raf8 21.g4 f3+ 22.Kh1 Rf4
23.h3 e4 24.Bc1 R4f7 25.dxe4 Qe7 26.Bb2 Bxb2 27.Rxb2 Rf4 28.c4 Rxe4 29.Qd3 Re1
30.Rd2 Qh4  0-1

[Event "Mitropa Cup"]
[Site "?"]
[Date "1995.??.??"]
[Round "4"]
[White "Loncar, Robert"]
[Black "Grosar, Aljosa"]
[Result "1/2-1/2"]
[WhiteElo "2385"]
[BlackElo "2475"]

1.e4 c5 2.Nf3 d6 3.Bb5+ Nd7 4.O-O Nf6 5.Re1 a6 6.Bf1 e6 7.b3 Be7 8.Bb2 O-O
9.c4 b6 10.d4 cxd4 11.Nxd4 Bb7 12.Nc3 Qc7 13.Qd3 Rfe8 14.Rad1 Nc5 15.Qg3  1/2-1/2

[Event "USA-ch"]
[Site "Modesto"]
[Date "1995.??.??"]
[Round "10"]
[White "Khmelnitsky, Igor N"]
[Black "Browne, Walter S"]
[Result "1/2-1/2"]
[WhiteElo "2490"]
[BlackElo "2560"]

1.e4 c5 2.Nf3 d6 3.Bb5+ Bd7 4.Bxd7+ Nxd7 5.O-O Ngf6 6.Re1 e6 7.b3 Be7 8.Bb2 O-O
9.d4 cxd4 10.Qxd4 b5  1/2-1/2

[Event "USA-ch"]
[Site "Modesto"]
[Date "1995.??.??"]
[Round "13"]
[White "Ivanov, Alexander"]
[Black "Yermolinsky, Alex"]
[Result "1/2-1/2"]
[WhiteElo "2530"]
[BlackElo "2560"]

1.e4 c5 2.Nf3 d6 3.Bb5+ Nd7 4.d4 Nf6 5.e5 Qa5+ 6.Nc3 Nd5 7.Bd2 Nxc3 8.Bxd7+ Bxd7
9.Bxc3 Qa6 10.d5 Bg4 11.h3 Bh5 12.e6 fxe6 13.dxe6 O-O-O 14.Qd5 Bxf3 15.gxf3 Rg8
16.f4 g6 17.f5 gxf5 18.O-O-O Bg7 19.Bxg7 Rxg7 20.Kb1 Rf8 21.c4 Qc6 22.Rhg1 Rg6
23.Rxg6 hxg6 24.Rg1 Rf6 25.f4 Kc7 26.h4 b5 27.b3 bxc4 28.bxc4 Qb7+ 29.Ka1 Qc6
30.Rg3  1/2-1/2

[Event "Montecatini Terme op"]
[Site "Montecatini Terme"]
[Date "1995.??.??"]
[Round "?"]
[White "Nurkic, Sahbaz"]
[Black "Pieri, Filippo"]
[Result "1-0"]
[WhiteElo "2420"]
[BlackElo "2220"]

1.e4 c5 2.Nf3 d6 3.Bb5+ Bd7 4.a4 Nc6 5.O-O Nf6 6.Re1 e6 7.c3 a6 8.Bf1 Be7
9.d4 cxd4 10.cxd4 d5 11.e5 Ne4 12.Nc3 Nxc3 13.bxc3 O-O 14.Bd3 Rc8 15.Re3 g6
16.h4 Nxe5 17.Ng5 Rxc3 18.Bd2 Rxd3 19.Rxd3 Nc4 20.Raa3 b5 21.axb5 Bxb5 22.h5 Qb6
23.Bf4 a5 24.Rdb3 Ba4 25.Qd3 Nb2 26.Qc3 Rb8 27.Bc1 Bxg5 28.Rxa4  1-0

[Event "Montreal op"]
[Site "Montreal"]
[Date "1995.??.??"]
[Round "5"]
[White "Leveille, Francois"]
[Black "Saint Amand, Paul"]
[Result "1-0"]
[WhiteElo "2360"]
[BlackElo "2225"]

1.e4 c5 2.Nf3 d6 3.Bb5+ Bd7 4.Bxd7+ Nxd7 5.O-O Ngf6 6.Re1 e6 7.b3 Be7 8.Bb2 O-O
9.d4 cxd4 10.Qxd4 Qc7 11.c4 Rfd8 12.Nc3 a6 13.h3 Rac8 14.Rad1 Ne5 15.Qe3 Nxf3+
16.Qxf3 Qa5 17.Qd3 Rc6 18.Re3 Rb8 19.Nd5 exd5 20.exd5 Rc7 21.Rde1 Bf8 22.Bc3 Qxa2
23.Bxf6 gxf6 24.Qc3 Be7 25.Ra1 Qxa1+ 26.Qxa1 Kh8 27.Rxe7  1-0

[Event "Montreal op"]
[Site "Montreal"]
[Date "1995.??.??"]
[Round "7"]
[White "Leveille, Francois"]
[Black "Reeve, Jeff"]
[Result "1-0"]
[WhiteElo "2360"]
[BlackElo "2185"]

1.e4 c5 2.Nf3 d6 3.Bb5+ Bd7 4.Bxd7+ Qxd7 5.O-O Nc6 6.c3 Nf6 7.d4 g6 8.d5 Nb8
9.Re1 Bg7 10.c4 O-O 11.Nc3 Ng4 12.h3 Bxc3 13.bxc3 Ne5 14.Nxe5 dxe5 15.f4 f6
16.fxe5 fxe5 17.Bh6 Rf6 18.Bg5 Rf7 19.Rf1 Rxf1+ 20.Qxf1 Qd6 21.Qf3 Nd7 22.Bh6 Nf6
23.Rf1 Kh8 24.g4 Ng8 25.g5 Nxh6 26.gxh6 Rg8 27.Qf8 g5 28.Rf7 g4 29.h4  1-0

[Event "Moscow1"]
[Site "Moscow"]
[Date "1995.??.??"]
[Round "?"]
[White "Zaitsev, Igor A"]
[Black "Savon, Vladimir A"]
[Result "1/2-1/2"]
[WhiteElo "2455"]
[BlackElo "2390"]

1.e4 c5 2.Nf3 d6 3.Bb5+ Bd7 4.Bxd7+ Qxd7 5.O-O Nf6 6.Re1 Nc6 7.c3 e6 8.d4 cxd4
9.cxd4 d5 10.e5 Ne4 11.Nbd2 Nxd2 12.Bxd2 Be7 13.Rc1 O-O 14.Rc3 Rfc8 15.a3 Nd8
16.Rd3 Qc7 17.Rc3 Qd7  1/2-1/2

[Event "Moscow op"]
[Site "Moscow"]
[Date "1995.??.??"]
[Round "1"]
[White "Varavin, Viktor"]
[Black "Loskutov, Oleg"]
[Result "1-0"]
[WhiteElo "2520"]
[BlackElo "2305"]

1.e4 c5 2.Nf3 d6 3.Bb5+ Bd7 4.Bxd7+ Nxd7 5.b3 Ngf6 6.Qe2 g6 7.Bb2 Bg7 8.O-O O-O
9.Nc3 Ng4 10.Kh1 e6 11.Rad1 Qa5 12.a3 Rac8 13.Ng5 Nge5 14.Nb5 h6 15.Nh3 Qa6
16.c4 d5 17.f4 dxc4 18.bxc4 Nc6 19.Bxg7 Kxg7 20.Qd3 Rcd8 21.Qc3+ e5 22.fxe5 Ndxe5
23.Nf4 Qa5 24.Qg3 Rxd2 25.Nd6 Rxd1 26.Rxd1 Rd8 27.Rd5 Kh7 28.Nxf7 Nxf7 29.Qxg6+ Kh8
30.h3 Rxd5 31.cxd5 Ncd8 32.Qf6+ Kg8 33.Nh5 Kf8 34.d6 Nc6 35.Qg7+ Ke8 36.Nf6+ Kd8
37.Qf8+  1-0

[Event "Moscow op"]
[Site "Moscow"]
[Date "1995.??.??"]
[Round "4"]
[White "Nikitin, Aleksander S"]
[Black "Golubev, Mihail"]
[Result "1-0"]
[WhiteElo "2245"]
[BlackElo "2570"]

1.e4 c5 2.Nf3 d6 3.Bb5+ Bd7 4.Bxd7+ Nxd7 5.b3 Ngf6 6.Qe2 g6 7.Bb2 Bg7 8.O-O O-O
9.c4 a6 10.d4 cxd4 11.Nxd4 Nc5 12.Nc3 Nh5 13.Rad1 e5 14.Nf3 Nf4 15.Qc2 Qc8
16.Nd5 Qg4 17.Nxf4 Qxf4 18.Rfe1 f5 19.Bc1 Qg4 20.Rxd6 fxe4 21.Ng5 Rfd8 22.h3 Qf5
23.g4 Qf8 24.Rxd8 Rxd8 25.Ba3 Qf4 26.Bxc5 Qxg5 27.Qxe4 Qd2 28.Qe2 Qa5 29.Be3 e4
30.Rd1 Rf8 31.Qd2 Qc7 32.Qd5+ Kh8 33.Qxe4 Qa5 34.Bd4 Qc7 35.Bxg7+ Kxg7 36.Qd4+ Kh6
37.Qd2+ Rf4 38.Qe3 Kg7 39.Rd5 Qf7 40.g5 h5 41.Qe5+  1-0

[Event "Moscow op2"]
[Site "Moscow"]
[Date "1995.??.??"]
[Round "4"]
[White "Krasnov, Sergey"]
[Black "Nedobora, Mikhail"]
[Result "1-0"]
[WhiteElo "2345"]
[BlackElo "2465"]

1.Nf3 c5 2.e4 d6 3.Bb5+ Bd7 4.Bxd7+ Qxd7 5.O-O Nc6 6.b3 Nf6 7.Re1 e6 8.Bb2 Be7
9.d3 O-O 10.Nbd2 Rfd8 11.Nf1 Ne8 12.Ng3 b5 13.Nh5 g6 14.Ng3 Bf6 15.Bxf6 Nxf6
16.Qd2 e5 17.Qg5 Ne8 18.h4 Nd4 19.Nxd4 cxd4 20.h5 Rdc8 21.hxg6 fxg6 22.Re2 Ng7
23.f4 Ne6 24.Qg4 Rf8 25.f5 Nf4 26.Rf2 Kh8 27.Raf1 gxf5 28.Nxf5 Rg8 29.Qh4 Rg6
30.g3 Rag8 31.Kh2 Ne6 32.Ne7 Nf8  1-0

[Event "Moscow op"]
[Site "Moscow"]
[Date "1995.??.??"]
[Round "4"]
[White "Nadyrhanov, S."]
[Black "Nevostrujev, Vladimir"]
[Result "1-0"]
[WhiteElo "2470"]
[BlackElo "2425"]

1.e4 c5 2.Nf3 d6 3.Bb5+ Bd7 4.Bxd7+ Qxd7 5.O-O Nf6 6.e5 dxe5 7.Nxe5 Qf5 8.Qe2 Nc6
9.Nxc6 bxc6 10.Na3 Qd7 11.b3 e6 12.Bb2 Be7 13.Nc4 O-O 14.Rae1 Rad8 15.Qf3 Qd5
16.Qg3 Nh5 17.Qg4 Nf6 18.Qh3 Qh5 19.Qxh5 Nxh5 20.d3 Nf4 21.Ba3 Nd5 22.Ne5 Rc8
23.Bb2 Nb4 24.Re2 Rc7 25.a3 Nd5 26.Nc4 Rd8 27.Rfe1 Bf8 28.g3 Ne7 29.Ne3 Rcd7
30.Kg2 Nd5 31.Nc4 Ne7 32.Na5 Rc8 33.Re4 Nd5 34.Nc4 Rdd8 35.Nd2 Nb6 36.h4 Rd5
37.Rf4 h5 38.Nf3 Rc7 39.Rfe4 Rc8 40.Bc1 Rd7 41.Ng5 Nd5 42.Bb2 Nc7 43.Rc4 Nd5
44.Ra4 Rb8 45.Nf3 Rdb7 46.Ra6 Rc8 47.Ne5 Nb6 48.Re4 Be7 49.Nc4 Rd8 50.Na5 Rc7
51.Be5 Bd6 52.Bxd6 Rxd6 53.Nc4 Nxc4 54.Rxc4 Rd5 55.Rca4 Rdd7 56.R6a5 g6 57.Rxc5 Rd5
58.Rac4 Rxc5 59.Rxc5 Kf8 60.b4 a6 61.Kf3 Ke7 62.Ra5 Ra7 63.c4 Kd6 64.Ke3 Kc7
65.b5 cxb5 66.cxb5 Rb7 67.bxa6 Ra7 68.Ra4 Kb6 69.Rb4+ Kc6 70.Rb7 Rxa6 71.Rxf7 Rxa3
72.Rf6 Kd6 73.Rxg6 Ra8 74.Rg5  1-0

[Event "Moscow op"]
[Site "Moscow"]
[Date "1995.??.??"]
[Round "5"]
[White "Belikov, Vladimir"]
[Black "Nadyrhanov, S."]
[Result "1/2-1/2"]
[WhiteElo "2470"]
[BlackElo "2470"]

1.e4 c5 2.Nf3 d6 3.Bb5+ Bd7 4.Bxd7+ Qxd7 5.c4 Nc6 6.Nc3 g6 7.d4 cxd4 8.Nxd4 Nf6
9.Nde2 Bg7 10.f3 O-O 11.O-O a6 12.a4 Qd8 13.b3 b5 14.axb5 Qb6+ 15.Kh1 axb5
16.Rxa8 Rxa8 17.Nxb5 Ra1 18.Nec3 Na5 19.Qc2 Bh6 20.Ne2  1/2-1/2

[Event "Moscow4"]
[Site "Moscow"]
[Date "1995.??.??"]
[Round "5"]
[White "Kochetkov, German"]
[Black "Losev, Dmitry"]
[Result "1/2-1/2"]
[WhiteElo "2465"]
[BlackElo "2350"]

1.e4 c5 2.Nf3 d6 3.Bb5+ Nd7 4.O-O Nf6 5.Re1 a6 6.Bf1 b6 7.c4 Bb7 8.Nc3 g6
9.Rb1 Bg7 10.b4 Rb8 11.Nd5 O-O 12.bxc5 bxc5 13.d3 e6 14.Nxf6+ Nxf6 15.Qa4 Bc6
16.Rxb8 Bxa4 17.Rxd8 Rxd8 18.Bg5 Rb8 19.Bf4 e5 20.Bg5 Kf8 21.h3 Ng8 22.Nd2 Bh6
23.Bxh6+ Nxh6 24.Rb1 Rxb1 25.Nxb1 Ng8 26.Nc3 Bc6 27.Be2 Ke7  1/2-1/2

[Event "Moscow op"]
[Site "Moscow"]
[Date "1995.??.??"]
[Round "6"]
[White "Alavkin, Arseny"]
[Black "Mitenkov, Alexey"]
[Result "1/2-1/2"]
[WhiteElo "2205"]
[BlackElo "2465"]

1.e4 c5 2.Nf3 d6 3.Bb5+ Nd7 4.d4 Nf6 5.Nc3 cxd4 6.Qxd4 e5 7.Qd3 h6 8.O-O Be7
9.Nd2 O-O 10.Bxd7 Bxd7 11.Nc4 Be6 12.Ne3 Rc8 13.b3 a6 14.Bb2 Qb6 15.Rac1 Rc7
16.Ncd5 Nxd5 17.exd5 Bc8 18.Nc4 Qa7 19.Qg3 f6 20.Kh1 b5 21.Ne3 Kh7 22.f4 Qc5
23.f5 Bd7 24.c4 Rfc8 25.Rc2 Be8 26.Ng4 bxc4 27.bxc4 Bf7 28.Bc1 Bf8 29.Ne3 Rb7
30.h3 Rb1 31.Kh2 Rcb8 32.Rd1 Kh8 33.Ng4 Qc8 34.Ne3 Bh5 35.Re1 Be8 36.Ba3 Bd7
37.Rxb1 Rxb1 38.Qf2 Be7 39.Rb2 Rxb2 40.Qxb2 Qc7 41.Bb4 Qb6 42.Qa3 Kh7 43.Qc3 Kg8
44.g4 Kh7 45.Kg2 Ba4 46.Qa3 Be8 47.Qc3 Kg8 48.Nf1 Bd8 49.Nd2 a5 50.Ba3 Be7
51.Ne4 Bf7 52.Qb3 Qd4 53.Qc2 Qb6 54.Qb3 Qd4 55.Qc2  1/2-1/2

[Event "Moscow op"]
[Site "Moscow"]
[Date "1995.??.??"]
[Round "6"]
[White "Nadyrhanov, S."]
[Black "Bigaliev, Renat"]
[Result "1-0"]
[WhiteElo "2470"]
[BlackElo "2345"]

1.e4 c5 2.Nf3 d6 3.Bb5+ Bd7 4.Bxd7+ Qxd7 5.O-O Nc6 6.c3 Nf6 7.d4 Nxe4 8.d5 Ne5
9.Re1 Nf6 10.Nxe5 dxe5 11.Rxe5 e6 12.c4 O-O-O 13.Nc3 Bd6 14.Re1 exd5 15.Nxd5 Nxd5
16.cxd5 Rhe8 17.Rxe8 Rxe8 18.Be3 Re5 19.Rc1 Kb8 20.g3 Qe7 21.b4 cxb4 22.Qc2 Qd7
23.Qxh7 g5 24.Bxg5 b6 25.Bf4 Rxd5 26.Qe4 Bxf4 27.Qxf4+ Kb7 28.Qe4 f5 29.Qf3 Ka6
30.h4 Rd3 31.Qe2 b5 32.Qe5 Rd5 33.Qf4 Rd4 34.Qe5 f4 35.Rc7 Rd1+ 36.Kg2 Qd5+
37.Qxd5 Rxd5 38.g4 Kb6 39.Rc2 a5 40.g5 a4 41.Kf3 Rd1 42.g6 Rg1 43.h5 Ka5
44.Kxf4 a3 45.Kf5 b3 46.axb3 Kb4 47.h6 Kxb3 48.Re2 a2 49.Rxa2  1-0

[Event "Moscow op2"]
[Site "Moscow"]
[Date "1995.??.??"]
[Round "7"]
[White "Lastin, Alexander"]
[Black "Vorobiov, Evgeny E"]
[Result "0-1"]
[WhiteElo "2465"]
[BlackElo "2325"]

1.e4 c5 2.Nf3 d6 3.Bb5+ Nd7 4.c3 Nf6 5.Qe2 a6 6.Ba4 e6 7.O-O b5 8.Bc2 Bb7
9.d4 Be7 10.Nbd2 Qc7 11.Re1 cxd4 12.Nxd4 O-O 13.Nf1 Ne5 14.Ng3 Rac8 15.a3 Rfd8
16.f4 Nc4 17.b3 Nb6 18.Bd2 Bf8 19.Rf1 e5 20.Ndf5 d5 21.fxe5 Qxe5 22.Bg5 Nbd7
23.Nh5 Rxc3 24.Nxf6+ gxf6 25.Bf4 Qe6 26.Qg4+ Kh8 27.exd5 Bxd5 28.Rae1 Ne5
29.Qe2 Bc5+ 30.Kh1 Rg8 31.Be4 Bxe4 32.Qxe4 Nd3 33.Bd2 Rxb3 34.Nd4 Bxd4 35.Qxd4 Nxe1
36.Rxe1 Qf5 37.Bc3 h6 38.h3 Rxa3 39.Re2 Rb3 40.Rf2 Rb1+ 41.Kh2 Qg6 42.Qe3 Kh7
43.Bxf6 Rd1 44.Bb2 Rf1 45.Rd2 Qb1  0-1

[Event "Moscow4"]
[Site "Moscow"]
[Date "1995.??.??"]
[Round "7"]
[White "Margolin, Boris"]
[Black "Losev, Dmitry"]
[Result "0-1"]
[WhiteElo "2390"]
[BlackElo "2350"]

1.e4 c5 2.Nf3 d6 3.Bb5+ Nd7 4.d4 Nf6 5.Nc3 a6 6.Bxd7+ Nxd7 7.a4 e6 8.Bg5 f6
9.Be3 Be7 10.d5 e5 11.Ne2 b6 12.Ng3 g6 13.h4 h5 14.Nd2 Nf8 15.c3 f5 16.exf5 gxf5
17.Bg5 Bxg5 18.hxg5 h4 19.Nc4 Ng6 20.Nf1 Rb8 21.Qd2 b5 22.axb5 axb5 23.Na5 Ra8
24.b4 Bd7 25.Ra2 Kf7 26.Kd1 f4 27.Nb7 Qc7 28.Rxa8 Rxa8 29.Na5 cxb4 30.cxb4 Qd8
31.f3 Qxg5 32.Qe2 e4 33.Nd2 e3 34.Ndb3 Qxd5+ 35.Kc1 Rc8+ 36.Kb2 Bf5 37.Ka3 Rc2
38.Qd1 Qe5 39.Qd4 Be6 40.Rd1 Rxg2 41.Qa7+ Kf6 42.Rd4 e2 43.Nc6 Qe3 44.Qe7+  0-1

[Event "Moscow op"]
[Site "Moscow"]
[Date "1995.??.??"]
[Round "8"]
[White "Kalegin, Evgenij"]
[Black "Minasian, Artashes"]
[Result "0-1"]
[WhiteElo "2450"]
[BlackElo "2395"]

1.e4 c5 2.Nf3 d6 3.Bb5+ Bd7 4.Bxd7+ Qxd7 5.O-O Nf6 6.e5 dxe5 7.Nxe5 Qc7 8.d4 cxd4
9.Bf4 Qd8 10.c3 Nc6 11.Nxc6 bxc6 12.cxd4 e6 13.Qa4 Qb6 14.Rc1 Rc8 15.Nd2 Nd5
16.Nc4 Qb7 17.Bd6 Be7 18.Bc5 a6 19.Bxe7 Qxe7 20.Qxa6 O-O 21.Ne5 Qb4 22.b3 Qxd4
23.Nxc6 Qf6 24.Qc4 Rc7 25.b4 Nxb4 26.Ne7+ Rxe7 27.Qxb4 h6 28.a4 Rc7 29.Rab1 Rxc1+
30.Rxc1 Rd8 31.a5 Qe5 32.h3 Rd4 33.Qa3 Rd2 34.a6 Qe2 35.Rc8+ Kh7 36.Qf3 Qxa6
37.Rc1 Rd7 38.Qe4+ f5 39.Qe5 Qd6 40.Qb5 Qd5 41.Qb8 Rd8 42.Qa7 Rd7 43.Qe3 Qd2
44.Qc5 Rd5 45.Qc8 Re5 46.Rb1 Re2 47.Qc5 Qc2 48.Qxc2 Rxc2 49.Re1 Rc6 50.h4 Kg6
51.g3 Kf6 52.Kg2 e5 53.Ra1 g5 54.hxg5+ hxg5 55.Rh1 Kg6 56.Ra1 g4 57.Ra5 Kf6
58.Rb5 f4 59.gxf4 exf4 60.Rb8 Re6 61.Rb4 Kg5 62.Ra4 Rd6 63.Rb4 Rd2 64.Rb5+ Kh4
65.Kg1 g3 66.fxg3+ Kxg3  0-1

[Event "New Castle schev"]
[Site "New Castle on Tyne"]
[Date "1995.??.??"]
[Round "5"]
[White "Rayner, Francis"]
[Black "Storey, Charles"]
[Result "1-0"]
[WhiteElo "2200"]
[BlackElo "2125"]

1.e4 c5 2.Nf3 d6 3.Bb5+ Nd7 4.d4 Nf6 5.Nc3 cxd4 6.Qxd4 e5 7.Qd3 h6 8.Be3 Be7
9.Bc4 O-O 10.O-O a6 11.a4 b6 12.Bd5 Rb8 13.h3 Nc5 14.Bxc5 bxc5 15.b3 Nh5
16.Ne2 Kh8 17.Nd2 f5 18.exf5 Bxf5 19.Be4 Bxe4 20.Qxe4 Rb4 21.Qg6 Nf4 22.Nxf4 Rbxf4
23.Nc4 R8f6 24.Qh5 R4f5 25.Qe2 Rg6 26.Rad1 Qa8 27.Ne3 Rfg5 28.g3 Qe4 29.Kh2 Rf6
30.Rd2 Rf3 31.Nd5 Qxe2 32.Rxe2 Bf8 33.Kg2 Rf7 34.Re4 Rb7 35.Rd1 Rf5 36.Rd3 Kg8
37.g4 Rff7 38.f3 Rfd7 39.h4 Kf7 40.h5 g6 41.f4 gxh5 42.fxe5 hxg4 43.e6+  1-0